000 01064nam a2200289 a 4500
001 BRCA_5245
005 20190320205012.0
008 301110s1943----mx-a######---#000-0#spa-#
041 _aspa
044 _amx
050 4 _aND259.V4
_b.E53 1943
100 1 _aEncina, Juan de la
_d1890-1963
_97787
245 1 0 _aEl paisajista José María Velasco
_b(1840-1912)
_cJuan de la Encina.
260 _aMéxico
_bEl Colegio de México
_c1943
300 _a207 p.
_bil., 41 láminas
_c24 cm.
440 0 _aEnsayos críticos sobre arte mexicano
_v1
_913438
500 _aIncluye índice de ilustraciones
500 _aCatálogo de la exposición de José María Velasco, inaugurado oficialmente el 26 de agosto de 1942 en el Palacio de Bellas Artes (Ciudad de México)
500 _aE65
504 _aIncluye referencias bibliográficas
600 1 4 _aVelásco, José María
_d1840-1912
_913439
650 1 4 _aPaisajes, Pintura de
_zMéxico
_99429
650 1 4 _aPaisajistas mexicanos
_913440
710 2 _aEl Colegio de México
_913441
902 _aGFM
942 _2lcc
_cB
999 _c4939
_d4939